Normal view MARC view

Entry Personal Name

Number of records used in: 1

001 - CONTROL NUMBER

  • control field: 57921

003 - CONTROL NUMBER IDENTIFIER

  • control field: OSt

005 - DATE AND TIME OF LATEST TRANSACTION

  • control field: 20251117122844.0

008 - FIXED-LENGTH DATA ELEMENTS

  • fixed length control field: 251117|| aca||aabn | a|a d

040 ## - CATALOGING SOURCE

  • Original cataloging agency: OSt
  • Transcribing agency: OSt

100 ## - HEADING--PERSONAL NAME

  • Personal name: Jamille Bigio and Rachel Vogelstein

670 ## - SOURCE DATA FOUND

  • Source citation: Work cat.: (OSt)527583: Jamille Bigio and Rachel Vogelstein, Women under attack: The backlash against female politicians

Powered by Koha